Datum a čas kvízu
27
Celkem bodů
Celkový počet nahraných bodů na tomto kvízu bez doplňovacích otázek.
6.
Pořadí na kvízu
Konečné umístění týmu na tomto kvízu.
Zaznamenané odpovědi
| # | Otázka | Odpověď | Body | Výsledky |
|---|---|---|---|---|
| 1. | Jak se jmenuje sídlo na Uhersk... | D | 0 | |
| 2. | Mezinárodní tým záchranářů v ú... | v Turecku | 0 | |
| 3. | Jak se nazývá historické drama... | Bratři | 1 | |
| 4. | Ve které zemi vydal telekomuni... | ve Francii | 1 | |
| 5. | Který tým vstoupil do nového r... | Kometa Brno | 1 | |
| 6. | Anglický výraz GOAT zkracuje o... | Eddy Merckx | 1 | |
| 7. | Nejrychlejší muž planety a osm... | Carl Lewis | 0 | |
| 8. | Pokud se kohokoliv zeptáte na... | 1C 2B 3A 4D | 1 | |
| 9. | Ve voze které stáje vyhrál své... | Benetton | 1 | |
| 10. | V březnu 2023 tato americká ly... | Mikaela Shiffrin | 1 |